000 00630nam a22002417a 4500
001 BR0201667
003 BR-BrBNA
005 20240401091820.0
007 ta
008 230509b bl.||||| |||| 00| 0 por d
040 _aBR-BrBNA
_bpor
_cBiblioteca Nacional de Agricultura
041 _a(Por)
072 _aB50
090 _aB50
_bBR0201667
100 1 _aPons, Miguel Angel
245 1 _aHistória da agricultura
260 3 _aCaxias do Sul, RS (Brasil):
_bManeco - Livraria Editora,
_c1998.
300 _a240 p.
500 _aBibliography p. 233-240
650 _aAGRICULTURA
650 _aHISTÓRIA
942 _cBK
_2AGRIS
999 _c64067
_d64067